000 00714nam a22001815i 4500
001 158514
003 ES-MaACL
005 20230906211157.0
008 040831s1898 xxkabcf |||| | eng d
040 _aCAM
_bspa
_cCAM
100 1 _aMahan, Alfred Thoyer.
_9129355
245 1 4 _aThe life of Nelson, the embodiment of the Sea Power of Great Britain /
_cby A.T. Mahan.
260 _aLondon :
_bSampson Low, Marston & Company,
_c1898 (
_fJohn Wilson and Son)
300 _a2 v. (XXIII, 454 ; 427 p., láms., maps.) ;
_c23 cm.
599 _aLas h. de lám., retratos, maps.
600 1 4 _aNelson, Horatio
_cViscount of-
_vBiografías.
_985365
852 _aES-MaACL
_jG-11490-91
_z-- Enc. tela azul con hierros dorados
999 _c158514
_d158514